Gains from property transactions - the attack on tax avoidance (Record no. 98694)

MARC details
000 -LEADER
fixed length control field 00484cam a2200193 4500
001 - CONTROL NUMBER
control field D10837
008 - FIXED-LENGTH DATA ELEMENTS--GENERAL INFORMATION
fixed length control field 090401t1980 xxu||||| |||| 00| 0 eng d
035 ## - SYSTEM CONTROL NUMBER
System control number (Sirsi) u96848
041 ## - LANGUAGE CODE
Language code of text/sound track or separate title eng
050 ## - LIBRARY OF CONGRESS CALL NUMBER
Classification number 336.22
100 ## - MAIN ENTRY--PERSONAL NAME
Personal name Holroyd-Pearce, J.
245 ## - TITLE STATEMENT
Title Gains from property transactions - the attack on tax avoidance
260 ## - PUBLICATION, DISTRIBUTION, ETC.
Date of publication, distribution, etc. 1980
350 ## - PRICE (NR) (BK AM CF MU VM SE) [OBSOLETE]
Price 0
520 ## - SUMMARY, ETC.
Summary, etc. In Blundell Memorial Lectures 1980
700 ## - ADDED ENTRY--PERSONAL NAME
Personal name Avery Jones, J.F.
942 ## - ADDED ENTRY ELEMENTS (KOHA)
Suppress in OPAC 0
948 ## - LOCAL PROCESSING INFORMATION (OCLC); SERIES PART DESIGNATOR (RLIN)
c (OCLC) 04/03/1997
Holdings
Withdrawn status Lost status Source of classification or shelving scheme Damaged status Not for loan Home library Current library Shelving location Date acquired Total Checkouts Full call number Barcode Date last seen Copy number Price effective from Koha item type
    Other/Generic Classification Scheme     London London Basement 16/06/2000   IN BLUNDELL MEMORIAL LECTURES 1980 96848-1001 06/08/2019 1 06/08/2019 Reference material